Statistics for Top 5 Biggest Allies of every country 7#

Click here to take the quiz!

General Stats

  • This quiz has been taken 31 times
  • The average score is 63 of 75

Answer Stats

Answer% Correct
Russia
100%
Russia
100%
Russia
100%
United Kingdom
100%
United Kingdom
100%
United States
100%
United States
100%
United States
100%
United States
100%
United States
100%
United States
100%
China
97%
China
97%
China
97%
China
97%
Finland
93%
France
93%
France
93%
France
93%
France
93%
Germany
93%
Germany
93%
India
93%
India
93%
Japan
93%
Estonia
90%
Estonia
90%
Iran
90%
Poland
90%
Saudi Arabia
90%
Saudi Arabia
90%
Saudi Arabia
90%
South Africa
90%
South Africa
90%
Sweden
90%
Turkey
90%
Vietnam
90%
Belgium
87%
Belgium
87%
Egypt
87%
Egypt
87%
Netherlands
87%
Philippines
87%
Philippines
87%
Switzerland
87%
Thailand
87%
United Arab Emirates
87%
Algeria
83%
Austria
83%
Kazakhstan
83%
Syria
83%
Ukraine
83%
Lithuania
80%
Taiwan
80%
Portugal
77%
Latvia
73%
Mozambique
73%
Mozambique
73%
Tajikistan
73%
Tunisia
73%
Albania
70%
Botswana
70%
Cuba
70%
Malaysia
70%
Bahrain
67%
Eswatini
67%
Hungary
67%
Namibia
67%
Azerbaijan
63%
Sierra Leone
63%
Iceland
60%
Iceland
60%
Venezuela
60%
Ivory Coast
53%
South Korea
47%

Score Distribution

Percentile by Number Answered

Percent of People with Each Score

Your Score History

You have not taken this quiz